| 000 | 00643cam a2200229 a 4500 | ||
|---|---|---|---|
| 999 |
_c6230 _d6230 |
||
| 003 | BD-JhCC | ||
| 005 | 20180117115612.0 | ||
| 008 | 020607s1998 cau | |||| ||eng| | ||
| 020 | _a8176560359 | ||
| 035 | _a(UkLCURL)980098085539 | ||
| 035 | _a(BD-JhCC) | ||
| 040 |
_aBD-JhCC _dBD-JhCC |
||
| 041 | _aeng | ||
| 082 |
_a004 _bHOL 1998 |
||
| 100 | 1 | _aHolzner, Steven. | |
| 245 | 1 | 0 |
_aJava 1.2 : _bin record time / _cSteven Holzner. |
| 260 |
_aSan Francisco : _bSybex, _cc1998. |
||
| 300 |
_axx, 553p ; _c23cm + _e1 computer laser optical disc (4.75in). |
||
| 650 | 0 | _aJava (Computer program language) | |
| 942 |
_2ddc _cBK |
||